000 00399nam a22001697a 4500
003 OSt
005 20211123103622.0
008 211123b |||||||| |||| 00| 0 eng d
020 _a0-7234-3229-5
040 _aDDC
_cHU
082 _23
_a616.0751
_b1
100 _aEpstein, Owen
_920015
245 _aClinical Examination
250 _a3
260 _aEDINBURGH
_bMOSBY
_c2003
942 _2ddc
_cBOOKS
_n0
999 _c19677
_d19677